|
|
|
|
| LEADER |
00000naa a2200000 a 4500 |
| 001 |
vtls010256161 |
| 003 |
SK-MaSNL |
| 005 |
20260302132525.0 |
| 008 |
11030220s2005 xo o |0||||||||0|||b|sl |
| 015 |
|
|
|a SNBRA2008/02
|
| 035 |
|
|
|a SVKKK000088381
|
| 038 |
|
|
|a SVKKK
|
| 040 |
|
|
|a SVKKK
|b slo
|c SVKKK
|e AACR2
|
| 041 |
0 |
|
|a slo
|b slo
|
| 044 |
|
|
|a xo
|c SK
|
| 080 |
|
|
|a 628.32
|2 1997
|
| 080 |
|
|
|a 628.316.12
|2 1997
|
| 245 |
0 |
0 |
|a Porovnanie vybraných prevádzkových výsledkov z ČOV so zvýšeným biologickým odstraňovaním nutrientov /
|c Miloslav Drtil ... [et al.].
|
| 300 |
|
|
|b Obr., tab.
|
| 504 |
|
|
|a Bibliogr. odkazy
|
| 546 |
|
|
|a Res. slov.
|
| 650 |
0 |
7 |
|a čistiarne odpadových vôd
|2 snkbucl
|9 18336
|
| 700 |
1 |
|
|a Drtil, Miloslav,
|d 1960-
|4 aut
|9 215571
|
| 700 |
1 |
|
|a Hutňan, Miroslav,
|d 1960-
|4 aut
|9 213485
|
| 700 |
1 |
|
|a Lesanský, Marián
|4 aut
|9 12479
|
| 700 |
1 |
|
|a Kucman, Karol
|4 aut
|9 775555
|
| 773 |
0 |
|
|t Rekonštrukcie stokových sietí a čistiarní odpadových vôd : 4. ročník bienálnej konferencie s medzinárodnou účasťou
|d Bratislava : Výskumný ústav vodného hospodárstva, 2005
|g S. 108-116
|z 8080770433
|
| 852 |
|
|
|a SVKKK
|b BIB
|
| 958 |
|
|
|a NB
|
| 999 |
|
|
|c 1313600
|d 1315530
|